[Event "Benidorm op U2300 11th"]
[Site "Benidorm"]
[Date "2012.12.06"]
[Round "7"]
[White "Ballesteros Gonzalez, David"]
[Black "Dos Santos de Oliveira, Sancho"]
[Result "1-0"]
[WhiteElo "2215"]
[BlackElo "2242"]
[PlyCount "109"]
[EventDate "2012.11.30"]
[EventType "swiss"]
[EventRounds "10"]
[EventCountry "ESP"]
[SourceTitle "EXT 2014"]
[Source "ChessBase"]
[SourceDate "2013.11.20"]
[SourceVersion "1"]
[SourceVersionDate "2013.11.20"]
[SourceQuality "1"]

1. d4 d5 2. c4 c6 3. Nc3 Nf6 4. Nf3 e6 5. e3 Nbd7 6. Bd2 Bd6 7. Bd3 0-0 8. 0-0 Re8 9. h3 dxc4 10. Bxc4 e5 11. Qb3 Qe7 12. Ng5 Rf8 13. f4 e4 14. Qc2 Nb6 15. Bb3 h6 16. Ngxe4 Bf5 17. Nxf6+ Qxf6 18. Qd1 Qg6 19. Qf3 Bb4 20. Kh2 Bxc3 21. bxc3 h5 22. Qg3 Qh7 23. Qh4 a5 24. Bd1 Nc4 25. Rf2 Rfe8 26. Qxh5 Nxd2 27. Qxh7+ Bxh7 28. Rxd2 Rxe3 29. Rc1 Rae8 30. Bf3 Be4 31. Bxe4 R8xe4 32. Rf2 Kf8 33. a4 Ke8 34. Rb2 Re7 35. Kg1 Kd8 36. Kf2 R3e4 37. g3 Kc8 38. Rcc2 Rd7 39. Re2 Rxe2+ 40. Kxe2 Rd5 41. Kd3 Rh5 42. h4 Rh6 43. f5 Rh5 44. Ke4 Rh8 45. Kd3 Rh5 46. Rf2 Kc7 47. f6 gxf6 48. Rxf6 Rh7 49. Rf5 Rg7 50. Rf3 b5 51. axb5 cxb5 52. h5 a4 53. h6 Rh7 54. Rf6 Kb7 55. Kc2 1-0

[Event "Benidorm op U2300 11th"]
[Site "Benidorm"]
[Date "2012.12.05"]
[Round "6"]
[White "Dos Santos de Oliveira, Sancho"]
[Black "Lacrosse, Marc"]
[Result "1-0"]
[WhiteElo "2242"]
[BlackElo "2163"]
[PlyCount "51"]
[EventDate "2012.11.30"]
[EventType "swiss"]
[EventRounds "10"]
[EventCountry "ESP"]
[SourceTitle "EXT 2014"]
[Source "ChessBase"]
[SourceDate "2013.11.20"]
[SourceVersion "1"]
[SourceVersionDate "2013.11.20"]
[SourceQuality "1"]

1. e4 e5 2. Nf3 Nc6 3. Bb5 a6 4. Ba4 Nf6 5. 0-0 Nxe4 6. d4 b5 7. Bb3 d5 8. dxe5 Be6 9. Nbd2 Be7 10. c3 Nc5 11. Nd4 Nxd4 12. cxd4 Nxb3 13. Nxb3 a5 14. Qc2 Qd7 15. Be3 Bf5 16. Qc1 0-0 17. Bg5 f6 18. exf6 Bxf6 19. Bxf6 gxf6 20. Nc5 Qd6 21. Qe3 Bg6 22. Rae1 Rae8 23. Qd2 b4 24. Rxe8 Bxe8 25. Re1 Bg6 26. Re3 1-0